000 00678nam a2200253Ia 4500
003 OSt
005 20221007103922.0
006 a|||||r|||| 00| 0
007 ta
008 221006b |||||||| |||| 00| 0 eng d
024 _a14,391
037 _cTextual
040 _aLCO
_cLCO
_beng
041 _2eng
_aeng
082 _aZ2,941, L9
100 _aHardless H.R.
_9705645
245 0 _aHandwriting and Thumbprint Identification and Forensic Science
250 _a2nd
260 _aAllahabad
_bLaw Book Company India
_c1979
300 _a390
650 _aFORENSIC SCIENCE
942 _hZ2,941, L9
_cTEXL
999 _c1183954
_d1183954